Statistics for Countries with Highest Urban Population

Click here to take the quiz!

General Stats

  • This quiz has been taken 69 times
  • The average score is 16 of 25

Answer Stats

Urban Population %Country% Correct
100Vatican City
94%
100Singapore
92%
91,3Japan
91%
100Monaco
89%
87,3Andorra
83%
91,0South Korea
83%
94,1San Marino
81%
98,8Qatar
81%
88,7Bahrain
73%
86,2New Zealand
70%
91,9Israel
70%
98,3Kuwait
70%
89,2Australia
67%
94,8Malta
64%
97,5Belgium
63%
93,7Iceland
58%
86,9Denmark
56%
85,8France
53%
89,2Chile
47%
87,2Lebanon
47%
92,5Argentina
41%
100Nauru
38%
92,5Uruguay
33%
93,5Venezuela
22%
86,2Gabon
6%

Score Distribution

Percentile by Number Answered

Percent of People with Each Score

Your Score History

You have not taken this quiz